Normal view
MARC view
Entry Personal Name
001 - CONTROL NUMBER
- control field: 53902
003 - CONTROL NUMBER IDENTIFIER
- control field: OSt
005 - DATE AND TIME OF LATEST TRANSACTION
- control field: 20250529111022.0
008 - FIXED-LENGTH DATA ELEMENTS
- fixed length control field: 250529|| aca||aabn | a|a d
040 ## - CATALOGING SOURCE
- Original cataloging agency: OSt
- Transcribing agency: OSt
100 ## - HEADING--PERSONAL NAME
- Personal name: Döring, Matthias Drathschmidt, Nicolas Stine and Nielsen, Piilgaard Porner
670 ## - SOURCE DATA FOUND
- Source citation: Work cat.: (OSt): Döring, Matthias Drathschmidt, Nicolas Stine and Nielsen, Piilgaard Porner , It takes (at least) two to tango: Investigating interactional dynamics between clients and caseworkers in public encounters
